ethel cain iceberg but harder - Statistics

General Stats
  • This quiz has been taken 192 times
  • The average score is 19 of 33
Answer Stats
Hint Answer % Correct
heartbreak, depression, unease a house in nebraska
89%
love, yearning, boredom, bleak crush
89%
very dark, literal d*ath, v*olence, s.a. strangers
89%
love, yearning, boredom, bleak american teenager
88%
impending doom, danger, implied v*olence/ab*se family tree
87%
disorienting, conceptual d*ath, v*olence, ab*se gibson girl
85%
very dark, literal d*ath, v*olence, s.a. inbred
85%
disorienting, conceptual d*ath, v*olence, ab*se sun bleached flies
85%
d*sturbing, visceral d*ath, v*olence, s.a., inc*st, s.h. august underground
80%
d*sturbing, visceral d*ath, v*olence, s.a., inc*st, s.h. hard times
80%
very dark, literal d*ath, v*olence, s.a. televangelism
80%
d*sturbing, visceral d*ath, v*olence, s.a., inc*st, s.h. ptolemaea
79%
impending doom, danger, implied v*olence/ab*se western nights
79%
heartbreak, depression, unease thoroughfare
76%
disorienting, conceptual d*ath, v*olence, ab*se two-headed mother
71%
love, yearning, boredom, bleak michelle pfeiffer
69%
disorienting, conceptual d*ath, v*olence, ab*se family tree (intro)
65%
very dark, literal d*ath, v*olence, s.a. unpunishable
65%
d*sturbing, visceral d*ath, v*olence, s.a., inc*st, s.h. head in the wall
64%
heartbreak, depression, unease god's country
61%
impending doom, danger, implied v*olence/ab*se knuckle velvet
60%
love, yearning, boredom, bleak lillies
60%
heartbreak, depression, unease casings
58%
heartbreak, depression, unease golden age
58%
impending doom, danger, implied v*olence/ab*se sunday morning
57%
disorienting, conceptual d*ath, v*olence, ab*se crying during s__
19%
d*sturbing, visceral d*ath, v*olence, s.a., inc*st, s.h. selby wall
18%
d*sturbing, visceral d*ath, v*olence, s.a., inc*st, s.h. two children in a motel
10%
impending doom, danger, implied v*olence/ab*se age of delilah
9%
very dark, literal d*ath, v*olence, s.a. powerline valley
9%
very dark, literal d*ath, v*olence, s.a. earnhardt
8%
very dark, literal d*ath, v*olence, s.a. child of cain
7%
d*sturbing, visceral d*ath, v*olence, s.a., inc*st, s.h. gold cross
6%
No matching quizzes found
Score Distribution
Percent of People with Each Score
Percentile by Number Answered
Your Score History
You have not taken this quiz